आनंद - बिंदु/ (Record no. 197904)
[ view plain ]
| 000 -LEADER | |
|---|---|
| fixed length control field | 00904nam a22002057a 4500 |
| 001 - CONTROL NUMBER | |
| control field | HIN-125834 |
| 003 - CONTROL NUMBER IDENTIFIER | |
| control field | dpl |
| 005 - DATE AND TIME OF LATEST TRANSACTION | |
| control field | 20230911172828.0 |
| 008 - FIXED-LENGTH DATA ELEMENTS--GENERAL INFORMATION | |
| fixed length control field | 230906b |||||||| |||| 00| 0 eng d |
| 010 ## - LIBRARY OF CONGRESS CONTROL NUMBER | |
| LC control number | HN-98180 |
| 040 ## - CATALOGING SOURCE | |
| Transcribing agency | DBAD/PUB |
| 082 ## - DEWEY DECIMAL CLASSIFICATION NUMBER | |
| Edition number | द्वितीय संस्करण 2016 |
| Classification number | 158.1 |
| 100 ## - MAIN ENTRY--PERSONAL NAME | |
| Personal name | ग्रोवर, लीना |
| 9 (RLIN) | 56005 |
| 245 ## - TITLE STATEMENT | |
| Title | आनंद - बिंदु/ |
| Medium | हिंदी |
| 250 ## - EDITION STATEMENT | |
| Edition statement | द्वितीय संस्करण |
| 260 ## - PUBLICATION, DISTRIBUTION, ETC. (IMPRINT) | |
| Place of publication, distribution, etc | "विपुल" 28/16 बी. जी. खेरमार्ग मालावार हिल मुंबई 400006 |
| Name of publisher, distributor, etc | सत्साहित पर्काशन ट्रस्ट |
| Date of publication, distribution, etc | 2016 |
| 300 ## - PHYSICAL DESCRIPTION | |
| Extent | 184 प. |
| Dimensions | 22सेमी (अजिल्द) |
| 700 ## - ADDED ENTRY--PERSONAL NAME | |
| 9 (RLIN) | 56009 |
| Personal name | विशम्भरनाथ द्रिवेदी |
| 942 ## - ADDED ENTRY ELEMENTS (KOHA) | |
| Source of classification or shelving scheme | Dewey Decimal Classification |
| Koha item type | Hindi Books |
| Classification part | 158.1 |
| Call number suffix | ग्रोवर |
| Withdrawn status | Lost status | Source of classification or shelving scheme | Damaged status | Not for loan | Collection code | Home library | Current library | Date acquired | Source of acquisition | Cost, normal purchase price | Total Checkouts | Full call number | Barcode | Date last seen | Copy number | Cost, replacement price | Price effective from | Koha item type |
|---|---|---|---|---|---|---|---|---|---|---|---|---|---|---|---|---|---|---|
| Dewey Decimal Classification | Not For Loan | Non-fiction | D.B.Act.Division | D.B.Act.Division | 06/09/2023 | DBAD/PUB | 70.00 | 158.1 ग्रोवर | HN-98180 | 06/09/2023 | 1 | 70.00 | 06/09/2023 | Hindi Books |
